2016 Chicago Cubs World Series Roster - Statistics

General Stats
  • This quiz has been taken 98 times
  • The average score is 16 of 25
Answer Stats
Hint Answer % Correct
1B Anthony Rizzo
99%
3B Kris Bryant
97%
2B Javier Baez
87%
SS Addison Russell
86%
RF Jason Heyward
85%
C Willson Contreras
85%
LF Ben Zobrist
83%
C David Ross
83%
DH Kyle Schwarber
83%
RP Aroldis Chapman
78%
CF Dexter Fowler
78%
SP Jake Arrieta
78%
SP Kyle Hendricks
77%
SP Jon Lester
76%
C Miguel Montero
68%
SP Mike Montgomery
62%
SP John Lackey
58%
PR-DH Albert Almora
55%
PR Chris Coghlan
42%
RP Travis Wood
37%
RP Carl Edwards
32%
RF Jorge Soler
32%
RP Hector Rondon
23%
RP Justin Grimm
23%
RP Pedro Strop
18%
No matching quizzes found
Score Distribution
Percent of People with Each Score
Percentile by Number Answered
Your Score History
You have not taken this quiz